[Event "Brazil Xadrez Brasil op"]
[Site "Brazil"]
[Date "2010.11.12"]
[Round "1"]
[White "Vieira, Emivaldo Jr"]
[Black "Bezerra Vidal, Elias Jr"]
[Result "1-0"]
[WhiteElo "1995"]
[BlackElo "1589"]
[PlyCount "95"]
[EventDate "2010.11.12"]
[EventType "swiss"]
[EventRounds "7"]
[EventCountry "BRA"]
[SourceTitle "EXT 2013"]
[Source "ChessBase"]
[SourceDate "2012.11.22"]
[SourceVersion "1"]
[SourceVersionDate "2012.11.22"]
[SourceQuality "1"]

1. e3 d5 2. d4 a6 3. f4 Nf6 4. Bd3 Bg4 5. Nf3 e6 6. 0-0 Nc6 7. c3 Bxf3 8. Qxf3 Qd7 9. a4 Na5 10. Nd2 c5 11. dxc5 Bxc5 12. b4 Bxe3+ 13. Qxe3 Nc6 14. Ba3 0-0-0 15. Nf3 d4 16. cxd4 Nxd4 17. Rac1+ Kb8 18. Nxd4 Ng4 19. Nc6+ Qxc6 20. Qf3 Qb6+ 21. Kh1 Ne3 22. a5 Qd4 23. Rfe1 Qxd3 24. Qxe3 Qb5 25. Bb2 Qxb4 26. Be5+ Ka8 27. h3 Rd7 28. Bc7 Rc8 29. Bb6 Rc6 30. Red1 Rxd1+ 31. Rxd1 Rd6 32. Rxd6 Qxd6 33. Qd4 Qxd4 34. Bxd4 f6 35. g4 Kb8 36. Kg2 Kc7 37. Kf3 Kc6 38. Ke4 Kb5 39. Bb6 Kc6 40. g5 fxg5 41. fxg5 Kd6 42. Bd4 g6 43. Bf6 Kc6 44. Ke5 Kd7 45. h4 b5 46. axb6 Kc6 47. Kxe6 Kxb6 48. Kf7 1-0